| Tag |
First Indicator |
Second Indicator |
Subfields |
| LEADER |
00000cam a2200000 i 4500 |
| 001 |
in00000093028 |
| 005 |
20150925085107.0 |
| 008 |
791101s1979 nyua 00010 eng |
| 010 |
|
|
|a 79120934
|
| 020 |
|
|
|a 0525229507 :
|c $35.00
|
| 035 |
|
|
|a (OCoLC)05696326
|
| 035 |
|
|
|9 AAL1601AM
|
| 040 |
|
|
|a DLC
|c DLC
|d TXA
|d UtOrBLW
|
| 049 |
|
|
|a TXAM
|c [1558312]
|
| 050 |
0 |
0 |
|a QL737.C4
|b B853
|
| 082 |
0 |
|
|a 599/.5
|
| 100 |
1 |
|
|a Brower, Kenneth,
|d 1944-
|
| 245 |
1 |
0 |
|a Wake of the whale /
|c text by Kenneth Brower ; photos. by William R. Curtsinger.
|
| 264 |
|
1 |
|a New York :
|b Friends of the Earth,
|c [1979]
|
| 300 |
|
|
|a 160 pages :
|b illustrations (some color) ;
|c 36 cm.
|
| 336 |
|
|
|a text
|b txt
|2 rdacontent
|
| 337 |
|
|
|a unmediated
|b n
|2 rdamedia
|
| 338 |
|
|
|a volume
|b nc
|2 rdacarrier
|
| 650 |
|
0 |
|a Cetacea.
|
| 650 |
|
0 |
|a Pinnipedia.
|
| 700 |
1 |
|
|a Curtsinger, Bill,
|d 1946-
|
| 710 |
2 |
|
|a Friends of the Earth.
|
| 949 |
|
|
|a updated
|b h
|c 2007/10/16
|e fpiscitelli
|f 4:32:12 pm
|
| 999 |
|
|
|a MARS
|
| 999 |
f |
f |
|s 1b4385d3-7e81-3107-8976-1a8fca969bb6
|i 2a90438f-1e0f-32e5-af9a-cfb3d55dbc4c
|t 0
|
| 952 |
f |
f |
|p ric
|a Texas A&M University
|b Rellis Campus
|c Joint Library Facility
|d Remote Storage
|t 0
|e QL737.C4 B853
|f Oversize
|h Library of Congress classification
|i unmediated -- volume
|m A14805842006
|
| 952 |
f |
f |
|p noncirc
|a Texas A&M University
|b College Station
|c Sterling C. Evans Library
|d Bodrum (located in Turkey)
|t 0
|e QL737.C4 B853
|f Oversize
|h Library of Congress classification
|i unmediated -- volume
|
| 998 |
f |
f |
|a QL737.C4 B853
|t 0
|l Remote Storage
|
| 998 |
f |
f |
|a QL737.C4 B853
|t 0
|l Bodrum (located in Turkey)
|